The legal implications of e-commerce (Record no. 62312)

MARC details
000 -LEADER
fixed length control field 00660cam a2200217 4500
001 - CONTROL NUMBER
control field ABS61800
008 - FIXED-LENGTH DATA ELEMENTS--GENERAL INFORMATION
fixed length control field 000000n1999 000 0 eng u
035 ## - SYSTEM CONTROL NUMBER
System control number (Sirsi) u103759
100 ## - MAIN ENTRY--PERSONAL NAME
Personal name Artz, V.
245 #4 - TITLE STATEMENT
Title The legal implications of e-commerce
260 ## - PUBLICATION, DISTRIBUTION, ETC.
Date of publication, distribution, etc. 1999
490 ## - SERIES STATEMENT
Series statement Rural Property Bulletin
Volume/sequential designation November/December 1999, 30-31(2)
520 ## - SUMMARY, ETC.
Summary, etc. Outlines the legal pitfalls of doing business on the Internet. Offers advice on protecting your rights.
590 ## - LOCAL NOTE (RLIN)
Local note ABS
650 ## - SUBJECT ADDED ENTRY--TOPICAL TERM
Topical term or geographic name entry element INTERNET
650 ## - SUBJECT ADDED ENTRY--TOPICAL TERM
Topical term or geographic name entry element WORLD WIDE WEB
650 ## - SUBJECT ADDED ENTRY--TOPICAL TERM
Topical term or geographic name entry element E-COMMERCE
650 ## - SUBJECT ADDED ENTRY--TOPICAL TERM
Topical term or geographic name entry element E-COMMERCE DIRECTIVE
690 ## - LOCAL SUBJECT ADDED ENTRY--TOPICAL TERM (OCLC, RLIN)
Topical term or geographic name as entry element INFORMATION TECHNOLOGY-INTERNET
942 ## - ADDED ENTRY ELEMENTS (KOHA)
Suppress in OPAC 0
Holdings
Withdrawn status Lost status Source of classification or shelving scheme Damaged status Not for loan Home library Current library Shelving location Date acquired Total Checkouts Full call number Barcode Date last seen Copy number Price effective from Koha item type
    Dewey Decimal Classification     London London Journal article 24/01/2000   ABS61800 103759-1001 06/08/2019 1 06/08/2019 Journal article